| 000 | 00397nam a2200169Ia 4500 | ||
|---|---|---|---|
| 008 | 170705s9999 xx 000 0 und d | ||
| 020 | _a9780545004978 | ||
| 245 | _aJack Plank tells tales / | ||
| 245 | _cNatalie Babbitt. | ||
| 260 | _aNew York : | ||
| 260 | _bScholastic, | ||
| 260 | _c2007 | ||
| 300 | _a128 pages : | ||
| 300 | _bcolor illustration ; | ||
| 300 | _c19cm. | ||
| 500 | _a860 | ||
| 999 |
_c336396 _d336396 |
||